Super libros reales (Record no. 178862)

MARC details
000 -LEADER
campo de control de longitud fija 00982nam a2200253 4500
001 - NÚMERO DE CONTROL
campo de control 178862
003 - IDENTIFICADOR DE NÚMERO DE CONTROL
campo de control ES-MaACL
005 - FECHA Y HORA DE LA ÚLTIMA TRANSACCIÓN
campo de control 20250821063108.0
008 - DATOS DE LONGITUD FIJA--INFORMACIÓN GENERAL
campo de control de longitud fija 110720s20082009sp fiop c |||| |dspa d
020 ## - NÚMERO INTERNACIONAL ESTÁNDAR DEL LIBRO
Número Internacional Estándar del Libro 978-84-7120-426-4
080 ## - NÚMERO DE LA CLASIFICACIÓN DECIMAL UNIVERSAL
Número de la Clasificación Decimal Universal 017.1(460.27 M.)
080 ## - NÚMERO DE LA CLASIFICACIÓN DECIMAL UNIVERSAL
Número de la Clasificación Decimal Universal 016:095"16/17"
100 1# - ENTRADA PRINCIPAL--NOMBRE DE PERSONA
Nombre de persona Moreno Gallego, Valentín,
Fechas asociadas al nombre 1966-
9 (RLIN) 147408
245 10 - MENCIÓN DEL TÍTULO
Título Super libros reales
Resto del título : guía para la identificación heráldica en la Real Biblioteca /
Mención de responsabilidad, etc. Valentín Moreno Gallego.
260 ## - PUBLICACIÓN, DISTRIBUCIÓN, ETC.
Lugar de publicación, distribución, etc. Madrid :
Nombre del editor, distribuidor, etc. Patrimonio Nacional,
Fecha de publicación, distribución, etc. 2008
-- , [i.e. 2009]
300 ## - DESCRIPCIÓN FÍSICA
Extensión 187 p., [1] h. de lám. col. :
Otras características físicas il. col. ;
Dimensiones 24 cm.
500 ## - NOTA GENERAL
Nota general Glosario.
650 #7 - PUNTO DE ACCESO ADICIONAL DE MATERIA--TÉRMINO DE MATERIA
Término de materia o nombre geográfico como elemento de entrada Encuadernación heráldica-
Subdivisión geográfica Palacio Real (Madrid). Biblioteca.
9 (RLIN) 147409
650 #4 - PUNTO DE ACCESO ADICIONAL DE MATERIA--TÉRMINO DE MATERIA
Término de materia o nombre geográfico como elemento de entrada Encuadernación-
Subdivisión geográfica Palacio Real (Madrid). Biblioteca.
9 (RLIN) 143831
852 ## - LOCALIZACIÓN
Ubicación ES-MaACL
itemnumber 185727
Sublocalización o colección R.145777
Número de control de estantería A-11373
Signatura antigua Olim: N-4377
Ubicación en estantería Depósito 1
942 ## - ELEMENTOS DE ENTRADA SECUNDARIOS (KOHA)
Fuente del sistema de clasificación o colocación Clasificación decimal universal
Tipo de ítem Koha Libro impreso
Holdings
Estatus retirado Estado de pérdida Fuente del sistema de clasificación o colocación Estado de daño No para préstamo Colección Biblioteca de origen Biblioteca actual Ubicación en estantería Fecha de adquisición Fuente de adquisición Total de préstamos Signatura topográfica completa Código de barras Visto por última vez Precio de reemplazo Tipo de ítem Koha
    Clasificación decimal universal     Biblioteca profesional Biblioteca del Ateneo de Madrid Biblioteca del Ateneo de Madrid Depósito 1 20/07/2011 Compra   A-11373 1187882 23/02/2023 23/02/2023 Libro impreso